000
00301nam a22001337a 4500
008
170717b xxu||||| |||| 00| 0 eng d
020
_a
9780714644363
041
_a
eng
080
_a
2
100
_a
24
101
_a
TEO
245
_a
SLAVERY AND COLONIAL RULE IN AFRICA
_c
MIERS, S
942
_2
udc
_c
BK
999
_c
21343
_d
21343